Normal view
MARC view
Entry Nome pessoal
001 - NÚMERO DE CONTROLE
- campo de controle: 796
003 - IDENTIFICADOR DO NÚMERO DE CONTROLE
- campo de controle: OSt
005 - DATA E HORÁRIO DA ÚLTIMA TRANSAÇÃO
- campo de controle: 20250404103652.0
008 - CAMPO DE DADOS FIXOS
- campo de controle de tamanho fixo: 250404|| aca||aabn | a|a d
040 ## - FONTE DA CATALOGAÇÃO
- Instituição da catalogação original: OSt
100 ## - CABEÇALHO--NOME PESSOAL
- Nome pessoal: Lucius
- Títulos e outras palavras associadas a um nome: (espirito)